000 00579nam a2200229Ia 4500
003 OSt
005 20220918205941.0
006 a|||||r|||| 00| 0
007 ta
008 220917b |||||||| |||| 00| 0 eng d
024 _a118,479
037 _cTextual
040 _aARTS
_cARTS
_beng
041 _2eng
_aeng
082 _aV73L:19wM71, H8.1-.2;2 (TV)
100 _aHull Cordell
_9116625
245 0 _aMemoirs
260 _c1948
650 _aHISTORY
942 _hV73L:19wM71, H8.1-.2;2 (TV)
_cTEXL
_2CC
999 _c241748
_d241748